[Event "Condigne Dutch Open 2018"]
[Site "Dieren"]
[Date "2018.07.31"]
[Round "7"]
[White "Geurink, Jasper"]
[Black "De Jong, Tom"]
[Result "1-0"]
[WhiteElo "2348"]
[BlackElo "2201"]
[Annotator "NA"]
[PlyCount "71"]
[EventDate "2018.07.24"]
[EventType "swiss"]
[EventCountry "NED"]
[SourceTitle "playchess.com"]
[Source "ChessBase"]
[SourceQuality "1"]
[TimeControl "40/5400+30:1800+30"]

1. e4 {[%emt 0:00:11]} c5 {[%emt 0:04:51]} 2. Nf3 {[%emt 0:00:53]} Nc6 {[%emt 0:00:25]} 3. Bb5 {[%emt 0:00:16]} g6 {[%emt 0:00:37]} 4. Bxc6 {[%emt 0:00:08]} dxc6 {[%emt 0:00:14]} 5. d3 {[%emt 0:00:06]} Bg7 {[%emt 0:00:11]} 6. Nc3 {[%emt 0:00:09]} Bg4 {[%emt 0:04:11] B31: Sizilianisch (Rossolimo-Variante)} (6... Nf6 7. h3 O-O 8. Be3 b6 9. Qd2 e5 10. Bh6 Qd6 11. O-O-O b5 12. Ne2 a5 13. Bxg7 Kxg7 14. h4 h5 15. Ng5 Ng4 16. Rdf1 f6 17. Nh3 Be6 {1-0 (46) Papp,G (2597)-Horvath,P (2424) Ajka 2018}) 7. h3 {[%emt 0:04:18]} Bxf3 {[%emt 0:00:07]} 8. Qxf3 {[%emt 0:00:05]} e6 {[%emt 0:12:10]} 9. Bd2 $146 {[%emt 0:02:20]} ({Vorgänger:} 9. O-O Ne7 10. Bg5 O-O 11. Bf6 Bxf6 12. Qxf6 Nc8 13. Qf4 f6 14. Qg4 {0-1 (45) Zenhom,T (2282)-Chahrani,I (2209) Tripoli 2017}) 9... Ne7 {[%emt 0:01:15]} 10. g4 {[%emt 0:03:59]} Qd7 {[%emt 0:14:44]} 11. Qe2 {[%emt 0:05:33]} O-O-O {[%emt 0:11:42]} 12. h4 {[%emt 0:02:00]} f5 {[%emt 0:03:03]} 13. O-O-O {[%emt 0:03:05]} h6 {[%emt 0:07:31]} 14. Kb1 {[%emt 0:01:59]} Rhf8 {[%emt 0:02:46]} 15. f3 {[%emt 0:00:47]} b6 {[%emt 0:02:48]} 16. Bc1 {[%emt 0:08:56]} Rf7 {[%emt 0:03:47]} 17. gxf5 {[%emt 0:00:54]} gxf5 {[%emt 0:01:59]} 18. Rhg1 {[%emt 0:03:01]} Rdf8 {[%emt 0:06:53] [#]} ({Besser ist} 18... Bd4 $14) 19. Rxg7 $1 {[%emt 0:02:27]} Rxg7 {[%emt 0:00:48]} 20. Bxh6 {[%emt 0:00:06]} Rfg8 $16 {[%emt 0:00:27]} 21. Bxg7 {[%emt 0:00:09]} Rxg7 {[%emt 0:00:03]} 22. h5 {[%emt 0:03:49]} Qd6 {[%emt 0:02:30]} 23. Rh1 {[%emt 0:03:12]} b5 {[%emt 0:02:58]} 24. a3 {[%emt 0:00:42]} b4 {[%emt 0:03:58]} 25. Na4 {[%emt 0:02:59]} c4 {[%emt 0:08:30]} 26. dxc4 {[%emt 0:04:23]} bxa3 {[%emt 0:00:20]} 27. Qd3 {[%emt 0:00:43]} Qb4 {[%emt 0:02:48]} 28. Qb3 {[%emt 0:00:24]} Qxb3 {[%emt 0:00:41]} 29. cxb3 {[%emt 0:00:05]} axb2 {[%emt 0:00:09]} 30. Nc5 {[%emt 0:00:07]} e5 {[%emt 0:00:51]} 31. Ne6 {[%emt 0:00:27]} Rg3 {[%emt 0:01:19]} 32. exf5 {[%emt 0:01:46]} Nxf5 {[%emt 0:00:45]} 33. h6 {[%emt 0:00:13]} Rg8 {[%emt 0:00:32]} 34. h7 {[%emt 0:00:16]} Rh8 {[%emt 0:00:02]} 35. Ng5 {[%emt 0:00:16]} Nd6 {[%emt 0:00:34]} 36. c5 {[%emt 0:00:06]} 1-0

[Event "Condigne Dutch Open 2018"]
[Site "Dieren"]
[Date "2018.07.31"]
[Round "7"]
[White "Anand Nadar"]
[Black "Chanda, Sandipan"]
[Result "1/2-1/2"]
[WhiteElo "2346"]
[BlackElo "2548"]
[Annotator "TA"]
[PlyCount "149"]
[EventDate "2018.07.24"]
[EventType "swiss"]
[EventCountry "NED"]
[SourceTitle "playchess.com"]
[Source "ChessBase"]
[SourceQuality "1"]

{[%evp 18,149,8,8,36,28,31,30,49,54,40,30,50,56,56,52,58,52,50,52,53,52,64,49,70,56,55,55,58,55,64,56,63,37,31,30,30,30,37,29,31,12,12,0,0,0,0,0,0,0,0,0,0,0,0,0,0,0,0,0,0,0,0,0,0,0,0,0,0,0,0,0,8,1,1,1,1,1,15,1,8,1,8,8,8,6,6,6,8,0,0,0,0,0,0,-350,-377,-281,-278,-231,0,-12,0,0,0,0,0,0,0,0,0,0,-3,-85,0,0,0,0,0,0,0,0,0,0,0,0,0,0,0,0,0,0,0,0]} 1. d4 f5 2. Nc3 Nf6 3. Bg5 d5 4. Bxf6 exf6 5. e3 c6 6. Bd3 Na6 {[%cal Bb8a6,Ba6c7,Bc7e6][%mdl 32]} 7. a3 {A80: Dutch Defence: Unusual White second moves} (7. Bxa6 bxa6 8. Nge2 Bd6 9. O-O Qc7 10. h3 a5 11. Nc1 Ba6 12. Nd3 O-O 13. Qf3 g6 14. Rfc1 Rae8 {1-0 (36) Gagunashvili,M (2560)-Korobov,A (2696) Nakhchivan 2014}) 7... Nc7 8. Qf3 g6 9. h3 Ne6 10. g4 {LiveBook: 4 Games} Ng7 $146 ({Predecessor:} 10... Ng5 11. Qg2 Ne4 12. Nge2 Be6 13. O-O-O Qd7 14. f3 Nxc3 15. Nxc3 {½-½ (61) Hartl,H (2263)-Meyer,K (2427) ICCF email 2015}) 11. Nge2 Bd6 12. Ng3 Bxg3 13. Qxg3 Be6 14. Ne2 Qd7 15. Nf4 Bf7 16. Qh4 Ke7 17. Qh6 Rag8 18. g5 fxg5 19. Qxg5+ Ke8 20. Qh6 Ne6 21. O-O-O Qd6 22. Nxe6 Bxe6 23. h4 Kd7 24. Rdg1 Qf8 25. Qxf8 (25. Qf4 {with more complications.} Qd6 26. Qf3 Qe7 27. Rg2 Qf6 28. Qf4) 25... Rxf8 26. f4 Ke7 27. Kd2 Kf6 28. Rg3 Bf7 29. Rhg1 a5 30. b4 axb4 31. axb4 Ra8 32. b5 c5 33. dxc5 Rhc8 34. c6 bxc6 35. bxc6 Rxc6 36. Rg5 Rd6 37. h5 Re8 38. hxg6 hxg6 39. Re1 Rh8 40. Rgg1 Rh2+ 41. Re2 Rh3 42. Rgg2 Re6 43. Rgf2 Re7 44. Rf1 Kg7 45. Rfe1 Rf3 46. Kc3 Rc7+ 47. Kd4 Rh3 48. Rb1 Ra7 49. Rb4 Rh1 50. Rg2 Rd1 51. Kc5 Kf6 52. Rb6+ Ke7 53. Rbxg6 Bxg6 54. Rxg6 $11 {[%mdl 4096] Endgame KRR-KRB} Rc7+ 55. Kb6 Rc3 {[#] aiming for ...Rb1+.} 56. Bxf5 $2 {[%mdl 8192]} (56. Rc6 $1 $11 {and White is okay.} Rxc6+ 57. Kxc6) 56... Rb1+ $19 ({And not} 56... Rxe3 57. Bd3 $11) 57. Ka7 Rxe3 58. Bd3 {[#]} Kd7 $2 ({Black should play} 58... Rb4 $1 $19 59. f5 Re1) 59. Rb6 $1 $11 {[%cal Rb6b1]} Rg1 60. f5 Kc7 61. Rb7+ Kc6 {( -> ...Ra1+)} 62. Rb6+ Kc5 63. Rb5+ Kd4 {White should prevent ...Re8.} 64. Rb4+ Ke5 {...Rh3 is the strong threat.} 65. Kb6 (65. Rb6 $11) 65... Rg8 (65... Rh3 $17 {Hoping for ...Rg8.} 66. Kc5 Rh8) 66. Rh4 $1 {The position is equal.} Rc8 67. Rh6 Kd4 68. Rh4+ Kc3 69. Kb7 Rf8 {White must now prevent ...Rf6.} (69... Ree8 {looks sharper.} 70. f6 Rb8+ 71. Kc7 Rbc8+ 72. Kd7 Rcd8+) 70. Kc6 d4 71. Rf4 Re7 72. Kd6 Re3 73. Kc6 Rf6+ 74. Kd5 Rf8 75. Kc6 {Precision: White = 69%, Black = 63%.} 1/2-1/2

[Event "Condigne Dutch Open 2018"]
[Site "Dieren"]
[Date "2018.07.31"]
[Round "7"]
[White "Wiersma, Eelke"]
[Black "Go, Benjamin"]
[Result "1-0"]
[WhiteElo "2346"]
[BlackElo "2162"]
[Annotator "NA"]
[PlyCount "59"]
[EventDate "2018.07.24"]
[EventType "swiss"]
[EventCountry "NED"]
[SourceTitle "playchess.com"]
[Source "ChessBase"]
[SourceQuality "1"]
[TimeControl "40/5400+30:1800+30"]

1. e4 {[%emt 0:00:00]} d6 {[%emt 0:00:00]} 2. d4 {[%emt 0:00:00]} Nf6 {[%emt 0:00:00]} 3. Nc3 {[%emt 0:00:00]} g6 {[%emt 0:00:00]} 4. f4 {[%emt 0:00:11]} Bg7 {[%emt 1:32:00]} 5. Bd3 {[%emt 1:32:19]} O-O {[%emt 0:00:00]} 6. Nf3 {[%emt 0:00:00]} Na6 {[%emt 0:00:00]} 7. O-O {[%emt 0:00:00]} c5 {[%emt 0:00:00]} 8. d5 {[%emt 0:00:00]} Nc7 {[%emt 0:00:00]} 9. a4 {[%emt 0:00:00]} Rb8 {[%emt 0:00:00]} 10. Bc4 {[%emt 0:00:00]} a6 {[%emt 0:00:00]} 11. a5 {[%emt 0:00:00]} Nd7 {[%emt 0:00:00]} 12. Qe1 {[%emt 0:00:00]} b5 {[%emt 0:00:00]} 13. axb6 {[%emt 0:00:00]} Nxb6 {[%emt 0:00:00]} 14. Bd3 {[%emt 0:00:00]} e6 {[%emt 0:00:00]} 15. dxe6 {[%emt 0:00:00]} Bxe6 {[%emt 0:00:00]} 16. f5 {[%emt 0:00:00]} Bc4 {[%emt 0:00:00]} 17. Qg3 {[%emt 0:00:00]} Re8 {[%emt 0:00:00]} 18. Bf4 $16 {[%emt 0:00:00]} Bf8 {[%emt 0:00:00]} 19. Ng5 {[%emt 0:00:00]} Nb5 {[%emt 0:00:00]} 20. fxg6 {[%emt 0:00:00]} fxg6 {[%emt 0:00:00]} 21. Bxc4+ {[%emt 0:00:00]} Nxc4 {[%emt 0:00:00]} 22. Qd3 {[%emt 0:00:00]} Nxc3 {[%emt 0:00:00]} 23. Qxc4+ {[%emt 0:00:00]} d5 {[%emt 0:00:00]} 24. Qxc3 {[%emt 0:00:00]} Bg7 {[%emt 0:00:00]} 25. Qh3 {[%emt 0:00:00]} Bd4+ {[%emt 0:00:00]} 26. Kh1 {[%emt 0:00:00]} Rb7 {[%emt 0:00:00]} 27. Ne6 {[%emt 0:00:00]} Qf6 {[%emt 0:00:00]} 28. exd5 {[%emt 0:00:00]} Rf7 {[%emt 0:00:00]} 29. c3 {[%emt 0:00:00]} Be5 {[%emt 0:00:00]} 30. Qd3 {[%emt 0:00:00]} 1-0

[Event "Condigne Dutch Open 2018"]
[Site "Dieren"]
[Date "2018.07.31"]
[Round "7"]
[White "Maris, Ivo"]
[Black "Ojas Kulkarni"]
[Result "1-0"]
[WhiteElo "2342"]
[BlackElo "2226"]
[Annotator "NA"]
[PlyCount "55"]
[EventDate "2018.07.24"]
[EventType "swiss"]
[EventCountry "NED"]
[SourceTitle "playchess.com"]
[Source "ChessBase"]
[SourceQuality "1"]
[TimeControl "40/5400+30:1800+30"]

1. b4 {[%emt 0:05:51]} e5 {[%emt 0:00:50]} 2. a3 {[%emt 0:00:54]} g6 {[%emt 0:03:06]} 3. Bb2 {[%emt 0:01:10]} Bg7 {[%emt 0:00:07]} 4. h4 {[%emt 0:00:23]} d6 {[%emt 0:01:27]} 5. h5 {[%emt 0:00:22]} Bg4 {[%emt 0:06:59]} 6. f3 {[%emt 0:02:21]} Bf6 {[%emt 0:00:20]} 7. g3 {[%emt 0:00:57]} e4 {[%emt 0:19:22]} 8. Bxf6 {[%emt 0:02:03]} (8. Nc3 $14 exf3 9. exf3) 8... Qxf6 {[%emt 0:00:15]} 9. Nc3 {[%emt 0:00:22]} e3 $2 {[%emt 0:02:22]} (9... exf3 $11 10. exf3 Be6) 10. Nd5 {[%emt 0:01:06]} exd2+ {[%emt 0:25:37]} 11. Kxd2 {[%emt 0:01:10]} Qe5 {[%emt 0:01:03]} 12. Nxc7+ {[%emt 0:01:32]} Kd7 {[%emt 0:00:05]} 13. Nxa8 {[%emt 0:00:08]} Nf6 {[%emt 0:00:06]} 14. Rb1 $18 {[%emt 0:04:15]} Rc8 {[%emt 0:27:51]} 15. Rb3 {[%emt 0:01:55]} Nc6 {[%emt 0:00:22]} 16. Rd3 {[%emt 0:03:06]} Nd4 {[%emt 0:00:25]} 17. c3 {[%emt 0:00:59]} Nb5 {[%emt 0:00:10]} 18. Qb3 {[%emt 0:01:35]} Be6 {[%emt 0:04:51]} 19. Bh3 {[%emt 0:02:55]} Ng4 {[%emt 0:00:08]} 20. Bxg4 {[%emt 0:00:05]} f5 {[%emt 0:00:04]} 21. f4 {[%emt 0:01:59]} Qe4 {[%emt 0:01:50]} 22. Qa4 {[%emt 0:01:42]} Qxh1 {[%emt 0:00:25]} 23. Qxb5+ {[%emt 0:00:04]} Ke7 {[%emt 0:00:05]} 24. Bf3 {[%emt 0:01:18]} Qxg1 {[%emt 0:00:21]} 25. Qxb7+ {[%emt 0:00:05]} Kf8 {[%emt 0:00:53]} 26. h6 {[%emt 0:01:13]} Rxc3 {[%emt 0:01:05]} 27. Qg7+ {[%emt 0:00:11]} Ke8 {[%emt 0:00:05]} 28. Rxc3 {[%emt 0:00:08]} 1-0

[Event "Condigne Dutch Open 2018"]
[Site "Dieren"]
[Date "2018.07.31"]
[Round "7"]
[White "Saravanan, V.."]
[Black "Sparenberg, Erik"]
[Result "0-1"]
[WhiteElo "2326"]
[BlackElo "2173"]
[Annotator "NA"]
[PlyCount "88"]
[EventDate "2018.07.24"]
[EventType "swiss"]
[EventCountry "NED"]
[SourceTitle "playchess.com"]
[Source "ChessBase"]
[SourceQuality "1"]
[TimeControl "40/5400+30:1800+30"]

1. d4 {[%emt 0:00:00]} d5 {[%emt 0:00:00]} 2. c4 {[%emt 0:00:00]} c6 {[%emt 0:00:06]} 3. Nf3 {[%emt 0:00:00]} Nf6 {[%emt 0:00:08]} 4. e3 {[%emt 0:00:00]} e6 {[%emt 0:00:05]} 5. Nc3 {[%emt 0:00:15]} Nbd7 {[%emt 0:00:07]} 6. Qc2 {[%emt 0:00:05]} a6 {[%emt 0:01:55]} 7. Bd3 {[%emt 0:05:40]} dxc4 {[%emt 0:00:29]} 8. Bxc4 {[%emt 0:00:06]} b5 {[%emt 0:00:08]} 9. Be2 {[%emt 0:01:19]} Bb7 {[%emt 0:00:37]} 10. a4 {[%emt 0:01:27]} b4 {[%emt 0:01:54]} 11. Ne4 {[%emt 0:00:10]} Rc8 {[%emt 0:11:40]} 12. O-O {[%emt 0:04:03]} c5 {[%emt 0:06:20]} 13. Nxf6+ {[%emt 0:00:30]} Nxf6 {[%emt 0:15:01]} 14. a5 {[%emt 0:01:25]} Be7 {[%emt 0:12:51]} 15. Qa4+ {[%emt 0:05:53]} Qd7 {[%emt 0:00:51]} 16. dxc5 {[%emt 0:00:20]} Rxc5 {[%emt 0:07:39]} 17. Qxd7+ {[%emt 0:18:00]} Nxd7 {[%emt 0:02:49]} 18. Bd2 {[%emt 0:00:10]} Rc2 $11 {[%emt 0:03:47]} 19. Rfd1 {[%emt 0:08:32]} Nc5 {[%emt 0:04:02]} 20. Nd4 {[%emt 0:05:36]} Rxd2 {[%emt 0:06:04]} 21. Rxd2 {[%emt 0:00:07]} e5 {[%emt 0:00:14]} 22. Nf5 {[%emt 0:03:57]} Nb3 {[%emt 0:01:05]} 23. Nxg7+ {[%emt 0:06:53]} Kf8 {[%emt 0:00:54]} 24. Rd7 {[%emt 0:00:06]} Bc8 {[%emt 0:03:47]} 25. Rad1 {[%emt 0:00:22]} Bxd7 {[%emt 0:03:03]} 26. Rxd7 {[%emt 0:00:07]} Kxg7 {[%emt 0:00:29]} 27. Rxe7 {[%emt 0:00:05]} Rc8 {[%emt 0:01:22]} 28. g3 {[%emt 0:01:59]} Nxa5 {[%emt 0:03:29]} 29. Rxe5 {[%emt 0:04:01]} Nc4 {[%emt 0:01:07]} 30. Re4 {[%emt 0:01:21]} Nxb2 {[%emt 0:00:53]} 31. Rxb4 {[%emt 0:00:20]} Rc1+ {[%emt 0:01:11]} 32. Kg2 {[%emt 0:00:09]} Rc2 {[%emt 0:00:05]} 33. Kf3 {[%emt 0:07:07]} a5 {[%emt 0:00:38]} 34. Rb7 {[%emt 0:01:28]} a4 {[%emt 0:00:40]} 35. Ra7 {[%emt 0:00:41]} Kf6 {[%emt 0:05:36]} 36. g4 {[%emt 0:02:02]} Ke6 {[%emt 0:02:34]} 37. g5 {[%emt 0:00:13]} Kd6 {[%emt 0:03:35]} 38. Rxf7 {[%emt 0:01:05]} Rc7 {[%emt 0:00:10]} 39. Rf6+ {[%emt 0:00:59]} Kc5 {[%emt 0:00:02]} 40. Ra6 {[%emt 0:01:49]} Kb4 {[%emt 0:00:09]} 41. h4 {[%emt 0:44:15]} a3 {[%emt 0:30:39]} 42. Ke4 {[%emt 0:00:00]} Na4 {[%emt 0:00:00]} 43. Ke5 {[%emt 0:00:00]} a2 {[%emt 0:00:00]} 44. Bd1 {[%emt 0:00:00]} a1=Q+ {[%emt 0:00:00]} 0-1

[Event "Condigne Dutch Open 2018"]
[Site "Dieren"]
[Date "2018.07.31"]
[Round "7"]
[White "Van Osch, Mees"]
[Black "Evengroen, Henk-Jan"]
[Result "1-0"]
[WhiteElo "2324"]
[BlackElo "2160"]
[Annotator "NA"]
[PlyCount "63"]
[EventDate "2018.07.24"]
[EventType "swiss"]
[EventCountry "NED"]
[SourceTitle "playchess.com"]
[Source "ChessBase"]
[SourceQuality "1"]
[TimeControl "40/5400+30:1800+30"]

1. d4 {[%emt 0:00:00]} Nf6 {[%emt 0:00:00]} 2. Bf4 {[%emt 0:00:00]} g6 {[%emt 0:00:00]} 3. Nc3 {[%emt 0:00:38]} Bg7 {[%emt 0:00:24]} 4. e4 {[%emt 0:00:36]} d6 {[%emt 0:00:22]} 5. Qd2 {[%emt 0:00:25]} O-O {[%emt 0:04:47]} 6. O-O-O {[%emt 0:00:13]} b5 {[%emt 0:03:04]} 7. Bxb5 {[%emt 0:01:17]} c5 {[%emt 0:00:27]} 8. dxc5 {[%emt 0:13:05]} Qa5 {[%emt 0:01:15]} 9. cxd6 {[%emt 0:01:19]} exd6 {[%emt 0:01:05]} 10. Bc4 {[%emt 0:09:50]} Na6 {[%emt 0:15:21]} 11. Bh6 {[%emt 0:04:36]} Bxh6 {[%emt 0:12:46]} 12. Qxh6 $18 {[%emt 0:00:39]} Qc5 {[%emt 0:03:47]} 13. Nd5 {[%emt 0:36:27]} Nxd5 {[%emt 0:01:41]} 14. Bxd5 {[%emt 0:00:14]} Rb8 {[%emt 0:10:26]} 15. Nf3 {[%emt 0:05:06]} Nb4 {[%emt 0:03:52]} 16. Rd2 {[%emt 0:01:42]} Nxd5 {[%emt 0:02:50]} 17. exd5 {[%emt 0:00:49]} f6 {[%emt 0:00:25]} 18. Re1 {[%emt 0:00:52]} Rb7 {[%emt 0:02:06]} 19. Nd4 {[%emt 0:01:32]} Qa5 {[%emt 0:03:26]} 20. Kb1 {[%emt 0:03:58]} Bg4 {[%emt 0:09:30]} 21. f3 {[%emt 0:04:21]} Bf5 {[%emt 0:12:36]} 22. b3 {[%emt 0:00:15]} Qxd5 {[%emt 0:03:49]} 23. Ne6 {[%emt 0:08:33]} Rxb3+ {[%emt 0:00:40]} 24. Ka1 {[%emt 0:00:26]} Rb1+ {[%emt 0:00:32]} 25. Rxb1 {[%emt 0:00:09]} Qxe6 {[%emt 0:00:21]} 26. Rb7 {[%emt 0:01:04]} Qe5+ {[%emt 0:00:45]} 27. Kb1 {[%emt 0:00:12]} Bd7 {[%emt 0:00:07]} 28. Qh4 {[%emt 0:01:40]} Re8 {[%emt 0:01:44]} 29. Qd4 {[%emt 0:00:33]} Qa5 {[%emt 0:00:19]} 30. Qb4 {[%emt 0:02:09]} Qf5 {[%emt 0:03:10]} 31. Rxd6 {[%emt 0:00:53]} Re2 {[%emt 0:00:47]} 32. Qc4+ {[%emt 0:00:37]} 1-0

[Event "Condigne Dutch Open 2018"]
[Site "Dieren"]
[Date "2018.07.31"]
[Round "7"]
[White "Van Meegen, Ruud"]
[Black "Anurag, Mhamal"]
[Result "0-1"]
[WhiteElo "2222"]
[BlackElo "2484"]
[Annotator "ChessBase"]
[PlyCount "64"]
[EventDate "2018.07.24"]
[EventType "swiss"]
[EventCountry "NED"]
[SourceTitle "playchess.com"]
[Source "ChessBase"]
[SourceQuality "1"]
[TimeControl "40/5400+30:1800+30"]

1. c4 {[%emt 0:00:00]} Nf6 {[%emt 0:00:09]} 2. Nf3 {[%emt 0:00:00]} g6 {[%emt 0:00:06]} 3. Nc3 {[%emt 0:00:00]} Bg7 {[%emt 0:00:04]} 4. e4 {[%emt 0:00:08]} d6 {[%emt 0:00:11]} 5. d4 {[%emt 0:00:07]} O-O {[%emt 0:00:06]} 6. Be2 {[%emt 0:00:10]} e5 {[%emt 0:00:05]} 7. d5 {[%emt 0:00:04]} a5 {[%emt 0:00:39]} 8. Bg5 {[%emt 0:00:07]} h6 {[%emt 0:00:58]} 9. Bh4 {[%emt 0:00:10]} Na6 {[%emt 0:00:18]} 10. Nd2 {[%emt 0:00:08]} Qe8 {[%emt 0:00:55]} 11. a3 {[%emt 0:00:20]} Bd7 {[%emt 0:00:41]} 12. b3 {[%emt 0:00:10]} Nh7 {[%emt 0:01:27]} 13. O-O {[%emt 0:00:19]} h5 {[%emt 0:00:07]} 14. f3 {[%emt 0:00:13]} Bh6 {[%emt 0:00:04]} 15. Rb1 {[%emt 0:00:09]} Be3+ {[%emt 0:02:09]} 16. Kh1 {[%emt 0:00:08]} Bc5 {[%emt 0:00:03]} 17. Qc1 {[%emt 0:00:09]} Kg7 {[%emt 0:24:51]} 18. Na2 {[%emt 0:02:13]} f5 {[%emt 0:08:27]} 19. b4 {[%emt 0:03:12]} Be3 {[%emt 0:00:12]} 20. exf5 {[%emt 0:06:07]} g5 {[%emt 0:00:07]} 21. Be1 {[%emt 0:00:50]} Bxf5 {[%emt 0:00:27]} 22. Rb3 {[%emt 0:01:09]} Bd4 {[%emt 0:01:30]} 23. Nc3 {[%emt 0:02:08]} a4 {[%emt 0:11:40]} 24. Rb2 {[%emt 0:00:48]} Qg6 {[%emt 0:00:04]} 25. Nde4 {[%emt 0:15:52]} Bxe4 {[%emt 0:03:53]} 26. fxe4 {[%emt 0:01:17]} Rxf1+ {[%emt 0:04:59]} 27. Bxf1 {[%emt 0:00:04]} Rf8 {[%emt 0:00:48]} 28. Bd3 {[%emt 0:00:08]} Nf6 {[%emt 0:00:18]} 29. Rb1 {[%emt 0:24:15]} Ng4 {[%emt 0:05:04]} 30. Nb5 {[%emt 0:12:24]} Be3 {[%emt 0:04:01]} 31. Qd1 {[%emt 0:00:12]} Rf2 {[%emt 0:01:45]} 32. Nc3 {[%emt 0:10:06]} Qf6 {[%emt 0:00:50]} 0-1

[Event "Condigne Dutch Open 2018"]
[Site "Dieren"]
[Date "2018.07.31"]
[Round "7"]
[White "Van Dael, Siem"]
[Black "Pham, Khoi"]
[Result "1-0"]
[WhiteElo "2212"]
[BlackElo "2037"]
[Annotator "NA"]
[PlyCount "47"]
[EventDate "2018.07.24"]
[EventType "swiss"]
[EventCountry "NED"]
[SourceTitle "playchess.com"]
[Source "ChessBase"]
[SourceQuality "1"]
[TimeControl "40/5400+30:1800+30"]

1. e4 {[%emt 0:00:00]} c5 {[%emt 0:00:00]} 2. Nf3 {[%emt 0:00:00]} d6 {[%emt 0:00:00]} 3. d4 {[%emt 0:00:00]} cxd4 {[%emt 0:00:00]} 4. Nxd4 {[%emt 0:00:00]} Nf6 {[%emt 0:00:00]} 5. Nc3 {[%emt 0:00:05]} a6 {[%emt 0:00:00]} 6. Be3 {[%emt 0:00:06]} e6 {[%emt 0:00:03]} 7. f3 {[%emt 0:00:05]} b5 {[%emt 0:00:03]} 8. Qd2 {[%emt 0:00:07]} Nbd7 {[%emt 0:00:07]} 9. O-O-O {[%emt 0:00:08]} Bb7 {[%emt 0:00:10]} 10. g4 {[%emt 0:00:04]} Nb6 {[%emt 0:00:06]} 11. a3 {[%emt 0:00:05] B80: Sicilian Scheveningen: 6 g3 and 6 Be3, including English Attack} Rc8 {[%emt 0:00:29]} 12. Kb1 {[%emt 0:00:31]} Nfd7 {[%emt 0:00:26]} 13. Rg1 {[%emt 0:00:07] [#]} d5 $146 {[%emt 0:03:10]} ({Predecessor:} 13... h6 14. f4 Be7 15. h4 Nc4 16. Bxc4 Rxc4 {½-½ (26) Zidu,J (2588)-Blass,U (2602) ICCF email 2012}) 14. exd5 {[%emt 0:01:05]} Nxd5 {[%emt 0:00:08]} 15. Nxd5 {[%emt 0:01:37]} Bxd5 {[%emt 0:00:10]} 16. f4 {[%emt 0:10:47]} Nc5 {[%emt 0:19:53]} 17. Bg2 {[%emt 0:02:25]} Ne4 {[%emt 0:12:22]} (17... Bxg2 $16 18. Qxg2 Qc7) 18. Qd3 {[%emt 0:03:32]} Nc5 {[%emt 0:04:08]} 19. Qe2 {[%emt 0:04:52]} Bc4 $18 {[%emt 0:06:08]} 20. Bc6+ {[%emt 0:01:07]} Nd7 {[%emt 0:02:48]} 21. Qg2 {[%emt 0:02:59]} b4 {[%emt 0:14:05]} 22. Nf5 {[%emt 0:04:49]} Rxc6 {[%emt 0:06:26]} 23. Qxc6 {[%emt 0:02:03]} Bb5 {[%emt 0:00:30]} 24. Nd6+ {[%emt 0:00:23]} 1-0

[Event "Condigne Dutch Open 2018"]
[Site "Dieren"]
[Date "2018.07.31"]
[Round "7"]
[White "Krishnater Kushager"]
[Black "De Jong, Migchiel"]
[Result "0-1"]
[WhiteElo "2209"]
[BlackElo "2339"]
[Annotator "NA"]
[PlyCount "64"]
[EventDate "2018.07.24"]
[EventType "swiss"]
[EventCountry "NED"]
[SourceTitle "playchess.com"]
[Source "ChessBase"]
[SourceQuality "1"]
[TimeControl "40/5400+30:1800+30"]

{[%evp 20,56,50,32767,32767,40,32767,31,47,32767,32767,32767,32767,32767,32,32767,23,28,32767,17,56,37,43,36,26,-7,-8,-16,-15,-19,-10,-19,-18,-8,-25,-20,32767,-44,-40]} 1. e4 {[%emt 0:00:00]} e6 {[%emt 0:00:00]} 2. d4 {[%emt 0:00:00]} d5 {[%emt 0:00:00]} 3. Bd3 {[%emt 0:00:00]} c5 {[%emt 0:04:33]} 4. exd5 {[%emt 0:00:00]} exd5 {[%emt 0:00:07]} 5. Nf3 {[%emt 0:00:00]} c4 {[%emt 0:00:15] C01: Französische Verteidigung (Abtauschvariante)} (5... Nf6 6. O-O c4 7. Re1+ Be7 8. Be2 O-O 9. b3 cxb3 10. axb3 Nc6 11. c3 Re8 12. Nbd2 Bd6 13. Bd3 Bg4 14. Rxe8+ Qxe8 {0-1 (52) Fontaine,R (2563)-Carlsen,M (2834) chess.com INT 2018}) 6. Be2 {[%emt 0:00:00]} Bd6 {[%emt 0:00:54]} 7. b3 {[%emt 0:00:00]} cxb3 {[%emt 0:00:08]} 8. axb3 {[%emt 0:00:03]} Ne7 {[%emt 0:00:27]} 9. O-O {[%emt 0:01:05]} Nbc6 {[%emt 0:00:25]} 10. Ba3 {[%emt 0:06:59]} Bg4 {[%emt 0:01:17]} 11. h3 {[%emt 0:01:30]} Bh5 {[%emt 0:00:16]} 12. c3 {[%emt 0:00:44]} O-O {[%emt 0:01:14]} 13. Re1 {[%emt 0:01:30]} Rc8 $146 {[%emt 0:00:51]} 14. Nbd2 {[%emt 0:01:57]} Bxa3 {[%emt 0:01:48]} 15. Rxa3 {[%emt 0:00:08]} Qd6 {[%emt 0:00:10]} 16. Ra2 {[%emt 0:02:01]} a6 {[%emt 0:05:26]} 17. Nf1 {[%emt 0:02:58]} Na7 {[%emt 0:06:34]} 18. Qd2 {[%emt 0:03:00]} Rc7 {[%emt 0:03:12]} 19. Ne3 {[%emt 0:04:16]} Nb5 {[%emt 0:05:49]} 20. Bxb5 {[%emt 0:02:38]} axb5 {[%emt 0:00:12]} 21. Ne5 {[%emt 0:02:05]} Rfc8 {[%emt 0:00:46]} 22. c4 {[%emt 0:07:57]} dxc4 {[%emt 0:05:15]} 23. bxc4 {[%emt 0:00:05]} f6 $1 {[%emt 0:00:17]} 24. c5 {[%emt 0:01:02]} Qd8 $1 {[%emt 0:01:01]} 25. N5g4 {[%emt 0:01:39]} Rd7 {[%emt 0:00:26]} 26. Qe2 {[%emt 0:06:53]} Bf7 {[%emt 0:02:13]} 27. Rb2 $11 {[%emt 0:03:34]} b4 {[%emt 0:01:06]} 28. Nc2 {[%emt 0:04:10]} (28. Nc4 $11) 28... Nc6 {[%emt 0:03:36]} 29. Nxb4 {[%emt 0:13:55]} Nxd4 {[%emt 0:00:08]} 30. Qe3 {[%emt 0:00:32]} Rxc5 {[%emt 0:01:55]} 31. Ra1 {[%emt 0:06:46]} h5 {[%emt 0:01:43]} 32. Nh2 {[%emt 0:00:10]} Re5 {[%emt 0:01:16]} 0-1